Undang-undang siber Malaysia : mengandungi Akta Tandatangan Digital 1997 (Akta 562) & Peraturan-Peraturan & Perintah, Akta Jenayah Komputer 1997 (Akta 563), Akta Teleperubatan 1997 (Akta 564) :

Bibliographic Details
Corporate Authors: MALAYSIA, Malaysia
Format: Book
Published: Kuala Lumpur : International Law Book Services , 2001
Series:Undang-undang Malaysia
Subjects:

MARC

LEADER 00000cam a2200000 7i4500
001 0000001929
005 20020516.0
020 0 0 |a 9678911663 
090 0 0 |a 343.59509944   |b MAL 2001 
110 1 0 |a MALAYSIA 
245 1 0 |a Undang-undang siber Malaysia :   |b mengandungi Akta Tandatangan Digital 1997 (Akta 562) & Peraturan-Peraturan & Perintah, Akta Jenayah Komputer 1997 (Akta 563), Akta Teleperubatan 1997 (Akta 564) :   |b hingga 20hb Mac 2001   |c disusun oleh Lembaga Penyelidikan Undang-Undang 
260 0 0 |a Kuala Lumpur :   |b International Law Book Services ,   |c 2001 
300 |a 159 p. ;   |c 24 cm. 
440 0 0 |a Undang-undang Malaysia 
650 0 0 |a Computer crimes   |x Law and legislation   |z Malaysia 
650 0 0 |a Computer networks   |x Law and legislation   |z Malaysia 
650 0 0 |a Medical telematics   |x Law and legislation   |z Malaysia 
710 1 1 |a Malaysia   |t Akta Jenayah Komputer, 1997 (Akta 563) 
710 1 1 |a Malaysia   |t Akta Tandatangan Digital, 1997 (Akta 562) 
710 1 1 |a Malaysia   |t Akta Telemedicine, 1997 (Akta 564) 
998 |a JPSM 
999 |a 0000003077   |b Monograph   |c Reference   |e Default branch